书目信息 |
| 题名: |
幸运儿
|
|
| 作者: | 李红旗 著 | |
| 分册: | ||
| 出版信息: | 北京 华夏出版社 2004.01 |
|
| 页数: | 206页 | |
| 开本: | 21cm | |
| 丛书名: | 紫丁香 | |
| 单 册: | ||
| 中图分类: | I247.5 | |
| 科图分类: | ||
| 主题词: | 长篇小说--chang pian xiao shuo--中国--当代 | |
| 电子资源: | ||
| ISBN: | 7-5080-3371-X | |
| 000 | 00864nam 2200253 450 | |
| 001 | 012008774405 | |
| 005 | 20080316164525.89 | |
| 010 | @a7-5080-3371-X@dCNY18.00 | |
| 100 | @a20080316d2004 km y0chiy0120 ea | |
| 101 | 0 | @achi |
| 102 | @aCN@b110000 | |
| 105 | @ay z 000ay | |
| 106 | @ar | |
| 200 | 1 | @a幸运儿@Axing yun er@f李红旗@Fli hong qi |
| 210 | @a北京@c华夏出版社@d2004.01 | |
| 215 | @a206页@d21cm | |
| 225 | 2 | @a紫丁香@Azi ding xiang |
| 330 | @a本书是作者的处女作长篇小说。作品描写了一群年轻艺术家思考人生的过程及他们年轻、叛逆、快乐、悲伤,作者把故事放到一个更广阔的时代背景中去讲述,使地理上的“小镇”最终具有一种寓言的意味。 | |
| 410 | 0 | @12001 @a紫丁香 |
| 606 | 0 | @a长篇小说@Achang pian xiao shuo@y中国@z当代 |
| 690 | @aI247.5@v4 | |
| 701 | 0 | @a李红旗@Ali hong qi@4著 |
| 801 | 0 | @aCN@bQSSK@c20080316 |
| 905 | @b20285268-71@dI247.5@eL175@f4 | |
| 幸运儿/李红旗.-北京:华夏出版社,2004.01 |
| 206页;21cm.-(紫丁香) |
| ISBN 7-5080-3371-X:CNY18.00 |
| 本书是作者的处女作长篇小说。作品描写了一群年轻艺术家思考人生的过程及他们年轻、叛逆、快乐、悲伤,作者把故事放到一个更广阔的时代背景中去讲述,使地理上的“小镇”最终具有一种寓言的意味。 |
| ● |
| 相关链接 |
|
|
|
正题名:幸运儿
索取号:I247.5/L175
 
预约/预借
| 序号 | 登录号 | 条形码 | 馆藏地/架位号 | 状态 | 备注 |
| 1 | 285268 | 202852680 | 文学库108/108文学库 31排3列5层/ [索取号:I247.5/L175] | 在馆 | |
| 2 | 285269 | 202852699 | 文学库108/108文学库 31排3列5层/ [索取号:I247.5/L175] | 在馆 | |
| 3 | 285270 | 202852706 | 文学库108/108文学库 31排3列5层/ [索取号:I247.5/L175] | 在馆 | |
| 4 | 285271 | 202852715 | 文学库108/108文学库 31排3列5层/ [索取号:I247.5/L175] | 在馆 |